000 00284 a2200121 4500
000 nam a22 7a 4500
100 _a Jo Riley
110 _a Jo Riley
245 _aChinese Theatre and the Actor in Performance vol 3
260 _bcambridge
264 _bcambridge
942 _cBK
999 _c396449
_d396449